<?xml version="1.0" encoding="UTF-8"?>
<record
    xmlns:xsi="http://www.w3.org/2001/XMLSchema-instance"
    xsi:schemaLocation="http://www.loc.gov/MARC21/slim http://www.loc.gov/standards/marcxml/schema/MARC21slim.xsd"
    xmlns="http://www.loc.gov/MARC21/slim">

  <leader>00902nam a22002537a 4500</leader>
  <controlfield tag="003">OSt</controlfield>
  <controlfield tag="005">20260601193900.0</controlfield>
  <controlfield tag="008">260507b1991    ck ||||| |||| 00| 0 spa d</controlfield>
  <datafield tag="020" ind1=" " ind2=" ">
    <subfield code="a">9580424950</subfield>
  </datafield>
  <datafield tag="040" ind1=" " ind2=" ">
    <subfield code="a">ICI</subfield>
    <subfield code="b">spa</subfield>
    <subfield code="c">ICI</subfield>
  </datafield>
  <datafield tag="041" ind1=" " ind2=" ">
    <subfield code="a">spa</subfield>
  </datafield>
  <datafield tag="050" ind1=" " ind2=" ">
    <subfield code="a">HF5415</subfield>
    <subfield code="b">B47</subfield>
  </datafield>
  <datafield tag="100" ind1=" " ind2="1">
    <subfield code="a"> Berry, Leonard L., </subfield>
    <subfield code="d">1942-</subfield>
    <subfield code="e">autor</subfield>
    <subfield code="9">33784</subfield>
  </datafield>
  <datafield tag="240" ind1=" " ind2="1">
    <subfield code="a">Marketing services</subfield>
    <subfield code="l">Espa&#xF1;ol</subfield>
  </datafield>
  <datafield tag="245" ind1=" " ind2="1">
    <subfield code="a">Marketing en las empresas de servicios :</subfield>
    <subfield code="b">Compita mediante la calidad /</subfield>
    <subfield code="c">Leonard l. berry, a. parasuraman ; tr. Jorge C&#xE1;rdenas nannetti</subfield>
  </datafield>
  <datafield tag="300" ind1=" " ind2=" ">
    <subfield code="a">271 p&#xE1;ginas.</subfield>
  </datafield>
  <datafield tag="490" ind1=" " ind2="0">
    <subfield code="a">Desarrollo gerencial</subfield>
  </datafield>
  <datafield tag="650" ind1=" " ind2=" ">
    <subfield code="a">Servicios al cliente</subfield>
    <subfield code="9">33785</subfield>
  </datafield>
  <datafield tag="650" ind1=" " ind2=" ">
    <subfield code="a">Predicciones sociales</subfield>
    <subfield code="z">Estados Unidos</subfield>
    <subfield code="9">33786</subfield>
  </datafield>
  <datafield tag="700" ind1=" " ind2=" ">
    <subfield code="a">Parasuraman, A.</subfield>
    <subfield code="e">autor</subfield>
    <subfield code="9">33787</subfield>
  </datafield>
  <datafield tag="700" ind1=" " ind2="1">
    <subfield code="a">C&#xE1;rdenas Nannetti, Jorge, </subfield>
    <subfield code="e">traductor</subfield>
  </datafield>
  <datafield tag="700" ind1=" " ind2="1">
    <subfield code="i">Traducci&#xF3;n de: |a Berry, Leonard L., </subfield>
    <subfield code="d">1942-</subfield>
    <subfield code="t">Marketing services</subfield>
    <subfield code="9">33789</subfield>
  </datafield>
  <datafield tag="942" ind1=" " ind2=" ">
    <subfield code="2">lcc</subfield>
    <subfield code="c">B</subfield>
    <subfield code="n">1</subfield>
  </datafield>
  <datafield tag="999" ind1=" " ind2=" ">
    <subfield code="c">22219</subfield>
    <subfield code="d">22219</subfield>
  </datafield>
  <datafield tag="952" ind1=" " ind2=" ">
    <subfield code="0">0</subfield>
    <subfield code="1">0</subfield>
    <subfield code="2">lcc</subfield>
    <subfield code="4">0</subfield>
    <subfield code="7">0</subfield>
    <subfield code="a">BDIMFM</subfield>
    <subfield code="b">BDIMFM</subfield>
    <subfield code="d">2026-05-07</subfield>
    <subfield code="l">0</subfield>
    <subfield code="o">HF5415 B47</subfield>
    <subfield code="p">BDIMFM000844</subfield>
    <subfield code="r">2026-05-07 17:38:00</subfield>
    <subfield code="t">Ej. 1</subfield>
    <subfield code="w">2026-05-07</subfield>
    <subfield code="y">B</subfield>
  </datafield>
</record>
